[Event "Charlotte CCCSA Spring IM"]
[Site "Charlotte"]
[Date "2021.03.20"]
[Round "6"]
[White "Vijay, Keerthi K"]
[Black "Canty, James H"]
[Result "1-0"]
[WhiteElo "2260"]
[BlackElo "2221"]
[PlyCount "63"]
[EventDate "2021.03.17"]
[EventType "tourn"]
[EventRounds "9"]
[EventCountry "USA"]
[EventCategory "2"]
[SourceTitle "CBM 201 Extra"]
[Source "ChessBase"]
[SourceDate "2021.05.31"]
[SourceVersion "1"]
[SourceVersionDate "2021.05.31"]
[SourceQuality "1"]

1. e4 c5 2. Nf3 Nc6 3. b3 Nf6 4. e5 Nd5 5. c4 Nf4 6. g3 Ng6 7. Bb2 d5 8. cxd5 Qxd5 9. Nc3 Qd8 10. Ne4 Qd5 11. Nc3 Qd8 12. Na4 b6 13. Bg2 Ba6 14. d4 cxd4 15. Bxd4 e6 16. a3 Rc8 17. Bb2 Qc7 18. Rc1 Qb8 19. h4 Be7 20. h5 0-0 21. hxg6 Rfd8 22. gxf7+ Kf8 23. Nd2 Nxe5 24. Be4 Bf6 25. Rxh7 Kxf7 26. Rxc8 Rxc8 27. Qh5+ Ke7 28. f4 Qd6 29. fxe5 Rc1+ 30. Bxc1 Bxe5 31. Qg5+ Ke8 32. Rh8+ 1-0

[Event "Charlotte CCCSA Holiday IM"]
[Site "Charlotte"]
[Date "2020.12.28"]
[Round "5"]
[White "Martin Del Campo C, Roberto Abel"]
[Black "Vijay, Keerthi K"]
[Result "1/2-1/2"]
[WhiteElo "2313"]
[BlackElo "2242"]
[PlyCount "29"]
[EventDate "2020.12.26"]
[EventType "tourn"]
[EventRounds "9"]
[EventCountry "USA"]
[EventCategory "3"]
[SourceTitle "CBM 200 Extra"]
[Source "ChessBase"]
[SourceDate "2021.03.31"]
[SourceVersion "1"]
[SourceVersionDate "2021.03.31"]
[SourceQuality "1"]

1. e4 c5 2. Nf3 a6 3. c3 d5 4. exd5 Qxd5 5. d4 e6 6. Bd3 Nf6 7. 0-0 Nc6 8. Re1 Be7 9. dxc5 Bxc5 10. h3 h6 11. Qe2 0-0 12. Nbd2 Rd8 13. Bc2 Be7 14. Nf1 Qb5 15. c4 1/2-1/2

[Event "Charlotte CCCSA Holiday IM"]
[Site "Charlotte"]
[Date "2020.12.27"]
[Round "2"]
[White "Vijay, Keerthi K"]
[Black "Li, Eric"]
[Result "1/2-1/2"]
[WhiteElo "2242"]
[BlackElo "2311"]
[PlyCount "51"]
[EventDate "2020.12.26"]
[EventType "tourn"]
[EventRounds "9"]
[EventCountry "USA"]
[EventCategory "3"]
[SourceTitle "CBM 200 Extra"]
[Source "ChessBase"]
[SourceDate "2021.03.31"]
[SourceVersion "1"]
[SourceVersionDate "2021.03.31"]
[SourceQuality "1"]

1. e4 c5 2. Nf3 d6 3. c3 Nf6 4. Be2 g6 5. 0-0 Bg7 6. Qc2 0-0 7. d4 b6 8. Rd1 cxd4 9. cxd4 Ba6 10. Nc3 Qc8 11. Bg5 h6 12. Bxf6 Bxf6 13. Rac1 e6 14. Qd2 Bxe2 15. Qxe2 Qa6 16. Qxa6 Nxa6 17. Nb5 Rfd8 18. Nc7 Nxc7 19. Rxc7 Kf8 20. Rdc1 Ke8 21. Kf1 h5 22. Ke2 d5 23. e5 Be7 24. h3 Rd7 25. R7c6 Rb7 26. Rc7 1/2-1/2

[Event "North American op 29th"]
[Site "Las Vegas"]
[Date "2019.12.29"]
[Round "8"]
[White "Vijay, Keerthi K"]
[Black "Daggupati, Balaji"]
[Result "1/2-1/2"]
[WhiteElo "2200"]
[BlackElo "2311"]
[PlyCount "55"]
[EventDate "2019.12.26"]
[EventType "swiss"]
[EventRounds "9"]
[EventCountry "USA"]
[SourceTitle "CBM 194 Extra"]
[Source "ChessBase"]
[SourceDate "2020.03.31"]
[SourceVersion "1"]
[SourceVersionDate "2020.03.31"]
[SourceQuality "1"]

1. c4 e5 2. Nc3 Nf6 3. g3 Nc6 4. Bg2 Bc5 5. e3 d5 6. cxd5 Nb4 7. d3 Nfxd5 8. Nxd5 Nxd5 9. a3 0-0 10. b4 Bb6 11. Bb2 Re8 12. Nf3 f6 13. 0-0 a5 14. b5 Be6 15. e4 Ne7 16. d4 exd4 17. Bxd4 Bc4 18. Re1 Bxd4 19. Nxd4 Nc8 20. Rc1 Nb6 21. Bf1 Bxf1 22. Kxf1 Qd7 23. Qb3+ Kh8 24. Nf5 a4 25. Qb4 Rad8 26. Kg1 Re5 27. Rc5 g6 28. Ne3 1/2-1/2

[Event "American op 54th"]
[Site "Costa Mesa"]
[Date "2018.11.24"]
[Round "6"]
[White "Chua, Alexander J"]
[Black "Vijay, Keerthi K"]
[Result "1/2-1/2"]
[WhiteElo "2291"]
[BlackElo "2176"]
[PlyCount "69"]
[EventDate "2018.11.22"]
[EventType "swiss"]
[EventRounds "8"]
[EventCountry "USA"]
[SourceTitle "CBM 188 Extra"]
[Source "ChessBase"]
[SourceDate "2019.02.26"]
[SourceVersion "1"]
[SourceVersionDate "2019.02.26"]
[SourceQuality "1"]

1. d4 f5 2. g3 Nf6 3. Bg2 d5 4. c4 e6 5. Bf4 Bd6 6. Bxd6 Qxd6 7. Qc2 c6 8. Nf3 0-0 9. 0-0 Ne4 10. Nc3 Nd7 11. Rad1 b6 12. cxd5 exd5 13. Ne5 Nxe5 14. Nxe4 dxe4 15. dxe5 Qxe5 16. Qxc6 Be6 17. b3 Rac8 18. Qa4 a5 19. e3 Rfd8 20. Rfe1 h6 21. Bf1 Qc5 22. Ba6 Rb8 23. Rc1 Qe5 24. Red1 Rxd1+ 25. Rxd1 Qc5 26. Bc4 Bxc4 27. bxc4 b5 28. Qxa5 Qxc4 29. Rd7 Qc5 30. a4 Qe5 31. Kg2 Kh7 32. h4 Qb2 33. axb5 Rxb5 34. Qc7 Qa1 35. Qa7 1/2-1/2

[Event "North American op 27th"]
[Site "Las Vegas"]
[Date "2017.12.28"]
[Round "6"]
[White "Vijay, Keerthi K"]
[Black "Wu, Rochelle"]
[Result "0-1"]
[WhiteElo "2198"]
[BlackElo "1894"]
[PlyCount "79"]
[EventDate "2017.12.26"]
[EventType "swiss"]
[EventRounds "9"]
[EventCountry "USA"]
[SourceTitle "CBM 182 Extra"]
[Source "ChessBase"]
[SourceDate "2018.02.23"]
[SourceVersion "1"]
[SourceVersionDate "2018.02.23"]
[SourceQuality "1"]

1. e4 c5 2. Nf3 d6 3. c3 Nf6 4. h3 Nc6 5. Bd3 g6 6. 0-0 Bg7 7. Bc2 0-0 8. Re1 Qc7 9. a3 a5 10. d4 cxd4 11. cxd4 e5 12. d5 Ne7 13. Nc3 Ne8 14. Nb5 Qd7 15. Ba4 h6 16. Be3 Nc7 17. Na7 b5 18. Bc2 Bb7 19. a4 b4 20. Nd2 Ba6 21. Nc6 Nxc6 22. dxc6 Qxc6 23. Bb3 Qd7 24. Rc1 Ne6 25. Bd5 Rac8 26. Bc4 Bb7 27. Bb6 Nf4 28. Bxa5 d5 29. Bb5 Qe7 30. Rxc8 Rxc8 31. Kh2 Qh4 32. Bb6 dxe4 33. Qg4 Nxg2 34. Qxh4 Nxh4 35. Rd1 Nf3+ 36. Kg3 h5 37. Nxf3 exf3 38. Rd7 Be4 39. Ba6 Rc1 40. Bb7 0-1

[Event "World ol U16 04th"]
[Site "Calicut"]
[Date "2004.07.??"]
[Round "7"]
[White "Kurukulasuriya, Prasanna"]
[Black "Vijay, Keerthi K"]
[Result "0-1"]
[WhiteElo "2064"]
[BlackElo "2220"]
[PlyCount "142"]
[EventDate "2004.07.01"]
[EventType "team-swiss"]
[EventRounds "9"]
[EventCountry "IND"]
[SourceTitle "EXT 2014"]
[Source "ChessBase"]
[SourceDate "2013.11.20"]
[SourceVersion "1"]
[SourceVersionDate "2013.11.20"]
[SourceQuality "1"]

1. e4 c5 2. c3 Nc6 3. d4 d5 4. exd5 Qxd5 5. Nf3 g6 6. Na3 Bg4 7. Be2 cxd4 8. Nb5 0-0-0 9. Nbxd4 e5 10. Nxc6 Qxc6 11. Qb3 Be6 12. Qc2 f6 13. Be3 Bc5 14. Bxc5 Qxc5 15. 0-0 Ne7 16. b4 Qc6 17. c4 Nf5 18. c5 Bd5 19. b5 Qe6 20. Qa4 Kb8 21. c6 bxc6 22. Rab1 c5 23. Rfc1 Qb6 24. Nd2 Nd4 25. Bf1 Rd7 26. Nc4 Bxc4 27. Qxc4 Rc8 28. a4 Qa5 29. Rb2 Kb7 30. g3 e4 31. Bg2 f5 32. Kh1 Rd6 33. Qf7+ Rc7 34. Qf8 Rd5 35. Qg8 Rcd7 36. Qf8 Qd8 37. Qh6 Qf6 38. a5 Nf3 39. Rbb1 Ne5 40. b6 a6 41. Bf1 Ng4 42. Qf4 Qe5 43. Qxe5 Nxe5 44. Rc2 Nd3 45. Kg2 Re5 46. Rc4 Kc6 47. Rc3 Red5 48. Rbb3 Kb7 49. Rb1 R7d6 50. Rc4 Rc6 51. Rb3 Ne5 52. Rc1 c4 53. Ra3 Rcc5 54. Rac3 Rd4 55. Be2 Rxa5 56. Bxc4 Nxc4 57. Rxc4 Rxc4 58. Rxc4 Kxb6 59. Rc8 Rc5 60. Rb8+ Ka7 61. Rd8 Rc7 62. Rd5 Kb6 63. Re5 a5 64. g4 Rf7 65. f3 exf3+ 66. Kxf3 fxg4+ 67. Kxg4 Ra7 68. Re1 a4 69. Rb1+ Kc5 70. Rc1+ Kb4 71. Rf1 a3 0-1

[Event "World ol U16 04th"]
[Site "Calicut"]
[Date "2004.07.??"]
[Round "9"]
[White "Pourkashiyan, Atousa"]
[Black "Vijay, Keerthi K"]
[Result "1-0"]
[WhiteElo "2229"]
[BlackElo "2220"]
[PlyCount "20"]
[EventDate "2004.07.01"]
[EventType "team-swiss"]
[EventRounds "9"]
[EventCountry "IND"]
[SourceTitle "EXT 2014"]
[Source "ChessBase"]
[SourceDate "2013.11.20"]
[SourceVersion "1"]
[SourceVersionDate "2013.11.20"]
[SourceQuality "1"]

1. d4 Nf6 2. c4 g6 3. Nc3 d5 4. cxd5 Nxd5 5. e4 Nxc3 6. bxc3 Bg7 7. Nf3 c5 8. Bb5+ Nc6 9. 0-0 Be6 10. Bg5 f6 1-0

[Event "World ol U16 04th"]
[Site "Calicut"]
[Date "2004.07.??"]
[Round "1"]
[White "Stander, Heinrich"]
[Black "Vijay, Keerthi K"]
[Result "0-1"]
[WhiteElo "2052"]
[BlackElo "2220"]
[PlyCount "113"]
[EventDate "2004.07.01"]
[EventType "team-swiss"]
[EventRounds "9"]
[EventCountry "IND"]
[SourceTitle "EXT 2014"]
[Source "ChessBase"]
[SourceDate "2013.11.20"]
[SourceVersion "1"]
[SourceVersionDate "2013.11.20"]
[SourceQuality "1"]

1. e4 c5 2. Nf3 Nc6 3. d4 cxd4 4. Nxd4 g6 5. Nc3 Bg7 6. Be3 Nf6 7. Bc4 0-0 8. Bb3 d6 9. h3 Qa5 10. 0-0 Bd7 11. Re1 Rac8 12. Nd5 Nxd5 13. exd5 Ne5 14. Qe2 b5 15. a4 bxa4 16. f4 Qc7 17. Bxa4 Nc4 18. Bxd7 Qxd7 19. Nc6 Rxc6 20. dxc6 Qxc6 21. Rxa7 Bxb2 22. Bf2 Bf6 23. Rb1 d5 24. Rbb7 Nd6 25. Rb6 Qc3 26. Rb3 Qc8 27. Rba3 Ne4 28. Ra8 Qxa8 29. Rxa8 Rxa8 30. g3 e6 31. Qd3 Rc8 32. Kg2 Rc4 33. g4 Nxf2 34. Kxf2 Rxf4+ 35. Kg2 Rc4 36. Qd2 Rc3 37. Qf2 Be5 38. Qe2 Bd6 39. h4 Rg3+ 40. Kf2 Rh3 41. Qa6 Be5 42. h5 gxh5 43. gxh5 Rxh5 44. c4 d4 45. c5 Rh2+ 46. Kf3 d3 47. Qb6 h6 48. Ke4 d2 49. Qd8+ Kg7 50. c6 Rh4+ 51. Qxh4 d1Q 52. Kxe5 Qd5+ 53. Kf4 Qxc6 54. Qg4+ Kf8 55. Qh5 Qc4+ 56. Kg3 Qd3+ 57. Kh2 0-1

[Event "World ol U16 04th"]
[Site "Calicut"]
[Date "2004.07.??"]
[Round "6"]
[White "Vijay, Keerthi K"]
[Black "Wang, Hao"]
[Result "0-1"]
[WhiteElo "2220"]
[BlackElo "2433"]
[PlyCount "52"]
[EventDate "2004.07.01"]
[EventType "team-swiss"]
[EventRounds "9"]
[EventCountry "IND"]
[SourceTitle "EXT 2014"]
[Source "ChessBase"]
[SourceDate "2013.11.20"]
[SourceVersion "1"]
[SourceVersionDate "2013.11.20"]
[SourceQuality "1"]

1. e4 d6 2. d4 Nf6 3. Bd3 c5 4. c3 g6 5. Ne2 Bg7 6. 0-0 0-0 7. f3 Nbd7 8. Be3 b6 9. b4 Bb7 10. a4 cxb4 11. cxb4 e5 12. dxe5 Nxe5 13. Bd4 Qe7 14. Na3 Nc6 15. Bc3 d5 16. b5 Ne5 17. Bxe5 Qxe5 18. f4 Qh5 19. Ng3 Qxd1 20. Raxd1 dxe4 21. Bb1 Rac8 22. Rfe1 Rc3 23. Nc2 Rc4 24. Rd4 Rfc8 25. Red1 Rxc2 26. Rd8+ Bf8 0-1

[Event "Asia-ch U12"]
[Site "Tehran"]
[Date "2002.03.31"]
[Round "3.2"]
[White "Vijay, Keerthi K"]
[Black "Utegaliev, Azamat"]
[Result "1-0"]
[WhiteElo "2148"]
[BlackElo "2045"]
[PlyCount "69"]
[EventDate "2002.03.29"]
[EventType "swiss"]
[EventRounds "9"]
[EventCountry "IRI"]
[SourceTitle "EXT 2003"]
[Source "ChessBase"]
[SourceDate "2002.11.25"]
[SourceVersion "1"]
[SourceVersionDate "2002.11.25"]
[SourceQuality "1"]

1. e4 c5 2. Nf3 Nc6 3. d4 cxd4 4. Nxd4 Nf6 5. Nc3 e5 6. Ndb5 d6 7. Nd5 Nxd5 8. exd5 Ne7 9. c4 a6 10. Qa4 axb5 11. Qxa8 Qc7 12. Be3 bxc4 13. Rc1 b5 14. b3 Qb7 15. Qxb7 Bxb7 16. bxc4 bxc4 17. Bxc4 Nxd5 18. 0-0 Kd7 19. Bb5+ Ke6 20. a4 Be7 21. a5 Ra8 22. Ra1 Ba6 23. Rfb1 Bd8 24. Bc6 Rc8 25. Bb7 Bxb7 26. Rxb7 Nxe3 27. fxe3 Bg5 28. Ra3 d5 29. a6 Be7 30. Ra5 Bc5 31. Kf2 d4 32. a7 dxe3+ 33. Ke2 Bxa7 34. Raxa7 Rc2+ 35. Kxe3 1-0

[Event "Chhattisgarh Trophy"]
[Site "Raipur"]
[Date "2002.??.??"]
[Round "6"]
[White "Swati, Ghate"]
[Black "Vijay, Keerthi K"]
[Result "0-1"]
[WhiteElo "2362"]
[BlackElo "2148"]
[PlyCount "60"]
[EventDate "2002.03.02"]
[EventType "swiss"]
[EventRounds "11"]
[EventCountry "IND"]
[SourceTitle "CBM 087 Extra"]
[Source "ChessBase"]
[SourceDate "2002.05.03"]
[SourceVersion "2"]
[SourceVersionDate "2002.08.09"]
[SourceQuality "1"]

1. e4 c5 2. Nf3 Nc6 3. Nc3 g6 4. d4 cxd4 5. Nxd4 Bg7 6. Be3 Nf6 7. Be2 0-0 8. Nb3 d6 9. 0-0 b6 10. f4 Bb7 11. Bf3 Nd7 12. Qd2 Nc5 13. Rad1 Qc7 14. Nd5 Qd8 15. Nd4 Rc8 16. Rfe1 Ne6 17. Nxc6 Bxc6 18. c3 Nc5 19. Bf2 a5 20. Bh4 f6 21. Qe3 e6 22. Nxb6 Qxb6 23. Rxd6 Nd7 24. Qxb6 Nxb6 25. Rxe6 Na4 26. e5 Bxf3 27. exf6 Bxf6 28. Bxf6 Bd5 29. Ra6 Nc5 30. Bd4 Nxa6 0-1